00600nam a22001572 4500001001100000005001700011008004100028040001500069110004700084245022400131250001300355260002800368300001100396650003200407852000300439000001309920151217155854.0090601s xx 000 0 eng d aKABUcKABU2 aIndependent Medico Legal Unit.@000017021810aTorture and related violations in Kenya :balternative report to the United Nations Committee against Torture presented at the 41st session (3rd to 21st November 2008) /cprepared by Independent Medico Legal Unit (IMLU) a1st ed. aNairobi :bIMLU,c2008. a60 p. 0aTorturezKenya.@00001702191